00985 a2200169 45000010006000000050017000060080041000230030015000640400040000790800082001192450012002012640034002133000019002475050435002661000020007018560094007213361520260407155627.0260407a1970 arg spa dAR-UNSa-BCEJYS aAR-UNSa-BCEJYSbspacAR-UNSa-BCEJYS a368xSeguros. Provisión comunitaria mediante participación en los riesgos10aSeguros 1aBuenos Aires :bDepalmac1970 a120 p.c22 cm. a1. Concepto, naturaleza, definición, clasificación y elementos del contrato de seguro - 2. La empresa de seguros, control del estado intermediarios - 3. Celebración del contrato de seguro - 4. Obligaciones y cargas del asegurado - 5. Obligaciones del asegurador - 6. El beneficio en el seguro de personas - 7. Interés asegurable - 8. Siniestro - 9. Cesión, prenda, embargo - 10. Recesión, cesión de cartera, quiebra.1 aHalperin, Isaac41uhttps://biblioeco.unsa.edu.ar/pmb/images/libros/L22942.jpgyImagen de portadaqimage/jpeg